Do you really want to meet and owl?
| Main Author: | |
|---|---|
| Other Authors: | |
| Format: | Book |
| Published: |
Mankato, MN :
Amicus Illustrated and Amicus Ink ,
2017
|
| Subjects: |
MARC
| LEADER | 00000cam a2200000 7i4500 | ||
|---|---|---|---|
| 001 | 0000213698 | ||
| 005 | 20190612.0 | ||
| 020 | |a 9781607539483 | ||
| 090 | 0 | 0 | |a JF |b HEO |
| 100 | 1 | |a Heos, Bridget | |
| 245 | 1 | 0 | |a Do you really want to meet and owl? |c written by Bridget Heos ; illustrated by Daniele Fabbri |
| 260 | |a Mankato, MN : |b Amicus Illustrated and Amicus Ink , |c 2017 | ||
| 300 | |a 24p. : |b ill. ; |c 22cm. | ||
| 650 | 0 | |a Owl |v Juvenile literature | |
| 700 | 1 | |a Fabbri, Daniele | |
| 999 | |a 00353783 |b BUKU |c PINJAMAN |e PERPUSTAKAAN KOMUNITI PETALING JAYA | ||